| 000 | 00592nam a2200181 a 4500 | ||
|---|---|---|---|
| 008 | 120416s1997 ||||||||||||||||| || u | ||
| 020 | _a0521497779 | ||
| 050 | _aS 591 Bri | ||
| 100 | _aBridges, Edwin Michael | ||
| 245 | 1 | 0 | _aWorld soils. (3rd ed.) |
| 250 | _a3rd ed. | ||
| 260 |
_aCambridge _bCambridge University Press _c1997 |
||
| 300 | _avi, 170p. : ill. | ||
| 350 | _a0.00 | ||
| 650 | 0 | _aSOIL SCIENCE | |
| 650 | _aSOILS | ||
| 995 |
_aBINDERY (DAMAGED) _D0.00 _e734168 _FCBU-MAIN LIBRARY (Kitwe) _H1 _I0.00 _jS 591 BRI _M3 _UDAMAGED _WApr 28, 2006 _y46598 _ZMain Library Open Access Collection |
||
| 999 |
_c83266 _d83266 |
||